| 000 | 00579nam a2200181Ia 4500 | ||
|---|---|---|---|
| 008 | 090123s9999 xx 000 0 und d | ||
| 082 | _b39999 | ||
| 100 | _aराऊत शोभा | ||
| 245 | _aअवचीत होता भेट तुझी | ||
| 250 | _a1 | ||
| 260 |
_bसुकृत प्रकाशन _c2006 |
||
| 300 | _a352 | ||
| 600 | _aराऊत शोभा | ||
| 630 | _aअवचीत होता भेट तुझी | ||
| 700 | _aराऊत शोभा | ||
| 730 | _aअवचीत होता भेट तुझी | ||
| 942 | _cBOOK | ||
| 999 |
_c78074 _d78074 |
||